Statistics for Random French Words #2

Click here to take the quiz!

General Stats

  • This quiz has been taken 39,164 times
  • The average score is 20 of 24

Answer Stats

French English % Correct
MerciThanks
98%
DeuxTwo
97%
RougeRed
96%
BonGood
95%
FinEnd
92%
FemmeWoman
89%
NoëlChristmas
89%
MaisonHouse
87%
VinWine
86%
MortDead
86%
TrèsVery
85%
GarçonBoy
85%
VilleTown
80%
SansWithout
80%
BienvenueWelcome
80%
ÉcoleSchool
77%
AnnéeYear
76%
AprèsAfter
75%
LibreFree
74%
MondeWorld
73%
TêteHead
69%
FêteParty
67%
GuerreWar
65%
VisageFace
62%

Score Distribution

Percentile by Number Answered

Percent of People with Each Score

Your Score History

You have not taken this quiz